000 00261nam a2200109Ia 4500
008 231212s1997 xx 000 0 und d
041 _aeng
082 _a660.283
100 _aKvo B.C.
245 _aAutomatic Control Systems
260 _aNew York
_bJohn We
_c1997
999 _c958939
_d958939